00845nam a2200253 a 4500001001000000003000500010005001700015008004100032010001100073011001100084020001500095040000900110100002600119245014900145260009400294300001000388500005400398650002800452650002400480650002000504650002000524650002800544700001900572000112627CHAP20220329144315.0160810s2005 mx | |r| |||||||spa d a109088 a110060 a9680201449 cCHAP1 aRuiz García, Samuel11a¿Quién debe educar y para qué?. Educar para el individualismo o para la responsabilidad social /cpor Samuel Ruiz García y Miguel Ortega. aChapingo, Méx. :bUACH. Dirección General de Difusión Cultural y Servicio,c[2005]. a25 p. aPublicación especial (151 aniversario ENA-UACh)14aEducación agrícola.14aÉtica política.14aÉtica social.14aIndividualismo.14aResponsabilidad social.1 aOrtega, Miguel